00436 2200181 4500001002100000005001500021035002000036008004100056245004300097100001600140250000600156260003600162300001200198084001400210082000800224650001000232990001200242INLIS00000000000126620240521021014 a0010-0524000501240521 1 ind 1 aKu Tunggu Di Bukit Bunga /cAam Amilia aAmilia, Aam a1 aJakarta :bPenerbit Pena,c2005 a218 hlm a813 AAM k a813 4aFiksi a0744138